<?xml version="1.0" encoding="UTF-8"?>
<record
    xmlns:xsi="http://www.w3.org/2001/XMLSchema-instance"
    xsi:schemaLocation="http://www.loc.gov/MARC21/slim http://www.loc.gov/standards/marcxml/schema/MARC21slim.xsd"
    xmlns="http://www.loc.gov/MARC21/slim">

  <leader>01673nam0a2200373   4500</leader>
  <controlfield tag="001">RU\NLR\bibl\1110113</controlfield>
  <controlfield tag="005">20260405141027.0</controlfield>
  <datafield tag="010" ind1=" " ind2=" ">
    <subfield code="a">978-5-382-00088-6</subfield>
  </datafield>
  <datafield tag="021" ind1=" " ind2=" ">
    <subfield code="a">RU</subfield>
    <subfield code="b">2007-38273</subfield>
    <subfield code="9">2046</subfield>
  </datafield>
  <datafield tag="035" ind1=" " ind2=" ">
    <subfield code="a">(NLR Aleph) 001097161</subfield>
  </datafield>
  <datafield tag="090" ind1=" " ind2=" ">
    <subfield code="a">1155176</subfield>
    <subfield code="c">1155176</subfield>
  </datafield>
  <datafield tag="100" ind1=" " ind2=" ">
    <subfield code="a">20070716d2007    |||y0rusy50      ca</subfield>
  </datafield>
  <datafield tag="101" ind1="1" ind2=" ">
    <subfield code="a">rus</subfield>
    <subfield code="c">fre</subfield>
  </datafield>
  <datafield tag="102" ind1=" " ind2=" ">
    <subfield code="a">RU</subfield>
  </datafield>
  <datafield tag="105" ind1=" " ind2=" ">
    <subfield code="a">y   |||||||||</subfield>
  </datafield>
  <datafield tag="200" ind1="1" ind2=" ">
    <subfield code="a">&#x428;&#x43A;&#x43E;&#x43B;&#x430; &#x441;&#x430;&#x43C;&#x43E;&#x43E;&#x431;&#x43B;&#x430;&#x434;&#x430;&#x43D;&#x438;&#x44F; &#x43F;&#x443;&#x442;&#x435;&#x43C; &#x441;&#x43E;&#x437;&#x43D;&#x430;&#x442;&#x435;&#x43B;&#x44C;&#x43D;&#x43E;&#x433;&#x43E; (&#x43F;&#x440;&#x435;&#x434;&#x43D;&#x430;&#x43C;&#x435;&#x440;&#x435;&#x43D;&#x43D;&#x43E;&#x433;&#x43E; &#x441;&#x430;&#x43C;&#x43E;&#x432;&#x43D;&#x443;&#x448;&#x435;&#x43D;&#x438;&#x44F;)</subfield>
    <subfield code="d">La Ma&#xEE;trise de soi-m&#xEA;me par l'autosuggestion consciente</subfield>
    <subfield code="f">&#x42D;. &#x41A;&#x443;&#x44D;</subfield>
    <subfield code="g">&#x43F;&#x435;&#x440;. &#x441; &#x444;&#x440;. &#x410;. &#x421;&#x435;&#x43C;&#x438;&#x447;&#x43E;&#x432;&#x430;</subfield>
    <subfield code="g">&#x43F;&#x43E;&#x434; &#x440;&#x435;&#x434;. &#x438; &#x441; &#x43F;&#x440;&#x435;&#x434;&#x438;&#x441;&#x43B;. &#x43F;&#x440;&#x43E;&#x444;. &#x418;.&#x414;. &#x415;&#x440;&#x43C;&#x430;&#x43A;&#x43E;&#x432;&#x430;</subfield>
    <subfield code="z">fre</subfield>
  </datafield>
  <datafield tag="205" ind1=" " ind2=" ">
    <subfield code="a">&#x418;&#x437;&#x434;. 2-&#x435;</subfield>
  </datafield>
  <datafield tag="210" ind1=" " ind2=" ">
    <subfield code="a">&#x41C;&#x43E;&#x441;&#x43A;&#x432;&#x430;</subfield>
    <subfield code="c">URSS</subfield>
    <subfield code="c">&#x418;&#x437;&#x434;-&#x432;&#x43E; &#x41B;&#x41A;&#x418;</subfield>
    <subfield code="d">2007</subfield>
  </datafield>
  <datafield tag="215" ind1=" " ind2=" ">
    <subfield code="a">71,[3] &#x441;.</subfield>
    <subfield code="d">22</subfield>
  </datafield>
  <datafield tag="225" ind1="1" ind2=" ">
    <subfield code="a">&#x418;&#x437; &#x43D;&#x430;&#x441;&#x43B;&#x435;&#x434;&#x438;&#x44F; &#x43C;&#x438;&#x440;&#x43E;&#x432;&#x43E;&#x439; &#x43F;&#x441;&#x438;&#x445;&#x43E;&#x43B;&#x43E;&#x433;&#x438;&#x438;</subfield>
  </datafield>
  <datafield tag="300" ind1=" " ind2=" ">
    <subfield code="a">&#x410;&#x432;&#x442;. &#x442;&#x430;&#x43A;&#x436;&#x435; &#x43D;&#x430; &#x444;&#x440;. &#x44F;&#x437;.: &#xC9;mile Cou&#xE9;</subfield>
  </datafield>
  <datafield tag="300" ind1=" " ind2=" ">
    <subfield code="a">&#x41D;&#x430; 4-&#x439; &#x441;. &#x43E;&#x431;&#x43B;. &#x430;&#x432;&#x442;.: &#x42D;&#x43C;&#x438;&#x43B;&#x44C; &#x41A;&#x443;&#x44D;, &#x43F;&#x441;&#x438;&#x445;&#x43E;&#x442;&#x435;&#x440;&#x430;&#x43F;&#x435;&#x432;&#x442;, &#x430;&#x43F;&#x442;&#x435;&#x43A;&#x430;&#x440;&#x44C;</subfield>
  </datafield>
  <datafield tag="320" ind1=" " ind2=" ">
    <subfield code="a">&#x411;&#x438;&#x431;&#x43B;&#x438;&#x43E;&#x433;&#x440;. &#x432; &#x43F;&#x43E;&#x434;&#x441;&#x442;&#x440;&#x43E;&#x447;. &#x43F;&#x440;&#x438;&#x43C;.</subfield>
  </datafield>
  <datafield tag="510" ind1="0" ind2=" ">
    <subfield code="6">z77790</subfield>
    <subfield code="a">La Ma&#xEE;trise de soi-m&#xEA;me par l'autosuggestion consciente</subfield>
    <subfield code="z">fre</subfield>
  </datafield>
  <datafield tag="606" ind1="1" ind2=" ">
    <subfield code="a">&#x421;&#x430;&#x43C;&#x43E;&#x432;&#x43D;&#x443;&#x448;&#x435;&#x43D;&#x438;&#x435;</subfield>
    <subfield code="9">1323803</subfield>
    <subfield code="3">RU\NLR\auth\66234577</subfield>
  </datafield>
  <datafield tag="686" ind1=" " ind2=" ">
    <subfield code="a">&#x42E;962</subfield>
  </datafield>
  <datafield tag="686" ind1=" " ind2=" ">
    <subfield code="a">&#x420;357.192</subfield>
  </datafield>
  <datafield tag="700" ind1=" " ind2="1">
    <subfield code="4">070</subfield>
    <subfield code="8">rus</subfield>
    <subfield code="7">ca</subfield>
    <subfield code="a">&#x41A;&#x443;&#x44D;</subfield>
    <subfield code="b">&#x42D;.</subfield>
    <subfield code="f">1857-1926</subfield>
    <subfield code="g">&#x42D;&#x43C;&#x438;&#x43B;&#x44C;</subfield>
    <subfield code="3">RU\NLR\auth\7757168</subfield>
    <subfield code="9">40100</subfield>
  </datafield>
  <datafield tag="790" ind1=" " ind2="1">
    <subfield code="4">070</subfield>
    <subfield code="8">fre</subfield>
    <subfield code="7">ba</subfield>
    <subfield code="a">Cou&#xE9;</subfield>
    <subfield code="b">&#xC9;.</subfield>
    <subfield code="f">1857-1926</subfield>
    <subfield code="g">&#xC9;mile</subfield>
    <subfield code="3">RU\NLR\auth\7757170</subfield>
    <subfield code="9">40102</subfield>
  </datafield>
  <datafield tag="801" ind1=" " ind2="0">
    <subfield code="a">RU</subfield>
    <subfield code="b">NLR</subfield>
    <subfield code="c">20070716</subfield>
    <subfield code="g">RCR</subfield>
  </datafield>
  <datafield tag="801" ind1=" " ind2="1">
    <subfield code="a">RU</subfield>
    <subfield code="b">NLR</subfield>
    <subfield code="c">20070716</subfield>
  </datafield>
  <datafield tag="942" ind1=" " ind2=" ">
    <subfield code="c">BOOK</subfield>
  </datafield>
  <datafield tag="980" ind1=" " ind2=" ">
    <subfield code="a">NB</subfield>
  </datafield>
  <datafield tag="995" ind1=" " ind2=" ">
    <subfield code="5">2007-07-16</subfield>
    <subfield code="a">ad</subfield>
    <subfield code="b">NLR01</subfield>
    <subfield code="c">NLR01</subfield>
    <subfield code="e">RF9</subfield>
    <subfield code="f">1-2349740</subfield>
    <subfield code="k">2007-6/996</subfield>
    <subfield code="o">0</subfield>
    <subfield code="r">BOOK</subfield>
    <subfield code="s">20076996_</subfield>
  </datafield>
  <datafield tag="995" ind1=" " ind2=" ">
    <subfield code="5">2007-07-16</subfield>
    <subfield code="a">ad</subfield>
    <subfield code="b">NLR01</subfield>
    <subfield code="c">NLR01</subfield>
    <subfield code="e">RF9</subfield>
    <subfield code="f">1-1101804</subfield>
    <subfield code="k">2007-6/996</subfield>
    <subfield code="o">0</subfield>
    <subfield code="r">BOOK</subfield>
    <subfield code="s">20076996_</subfield>
  </datafield>
</record>
